01415nam a2200325 i 4500001001000000003000900010005001700019007000300036008004100039040003000080082003000110100005400140245004600194264005100240300002600291336002700317337003300344338002800377490002700405590002800432650002700460650003100487830003400518910003900552942001400591952015400605952018300759952013000942999001701072000017424DO-SdBNP20240530073918.0ta100324s1963 dr 000 f spa d aDO-SdBNPbspacBNPHUerda aRD863.42bM358o, 19632221 aMarrero Aristy, Ramón,d1913-1959922324eautor10aOver :bnovela /cRamón Marrero Aristy. aSanto Domingo :bLibrería Dominicana,c1963. a224 paginas ;c20 cm. 2rdacontentatextobtxt 2rdamediaasin mediaciónbn 2rdacarrieravolumenbnc1 aPensamiento Dominicano aInventariado, 2019 / DG 0aNovela dominicana9223 0aLiteratura dominicana.967 0aPensamiento Dominicano919047 aValidado. Control de calidad BNPHU 2ddccLBS1 00112ddc56708DSaBNPHUbBNPHUcMId2013-08-01l0oBNPHU DS RD863.42 M358o, 1963p17424-30r2020-06-25te. 3w2020-06-25yLBS1ZPréstamo en sala 0010718PDaPDbPDcHDd2010-03-24iLF1l0oRD863.42 M358o, 1963p17424-10r2020-06-25w2020-06-25yLFPDzPerteneció a la biblioteca personal de Martínez Boog.ZNo se presta 0010718PDaPDbPDcHDd2011-07-19iLF1l0oRD863.42 M358o, 1963p17424-20r2020-06-25te. 2w2020-06-25yLFPDZNo se presta c16949d16949